000 00478nam a2200205Ia 4500
003 OSt
005 20251211125158.0
008 250729s2003 xx 000 0 und d
020 _a978-8122420661
040 _cAL
041 _aeng
082 _a954 HEBH
100 _aHebbar V R
_9226758
245 _aHistory of india(1857-1964)
260 _aMangalore
_c2003
300 _a335p
650 _aHistory
_9226759
700 _aRao Digumurthi
_9226760
942 _2ddc
_cBED
999 _c237412
_d237412